LEADER 01614nam a2200265 i 4500 001 000000240829 003 CaOOAMICUS 005 20220628141403.0 008 150413s1635 it u000 u lat u 013 $a219734 026 $aa-r. i-o- inex fldi (3) 1635 (R) 040 $aSeMil$bita 100 1 $aSalian, Jacques,$d<1558-1640>.$0(OLS)http://semarc/name/81595 245 10$aAnnalium ecclesiasticorum veteris testamenti epitome ab ipsomet eorum auctore Iacobo Saliano Societatis Iesu presbytero fideliter accurateque confecta. In qua, sicut et in ipsis annalibus, res sacrae, prophanaeque ... et explicantur. 260 $aLutetiae Parisiorum :$bApud Georgium Iosse, via Iacobaea, sub signu Coranae Spinae,$c1635. 300 $a[12], 1108, [40] p. ;$cfol. 500 $aMarca xilogr. n.c. sul front. 500 $aSegn.: a6 A-4Y6 4Z8 5A-5B6 5C-5 500 $aFront. stampato in rosso e nero. - Front. e testo in cornice a doppio filetto. - Testo su due colonne 700 1 $aJosse, George$b<1.,$cEditore,$d1627-1678>.$0(OLS)http://semarc/name/15121 850 $aSeMil 852 $aSeMil$W1$xVenegono$y1$m3D VI 20 FA$j191175$B191175$CSeMilBibl$Z2$F202002 $8I 996 $6245$aAnnalium ecclesiasticorum veteris testamenti epitome ab ipsomet eorum auctore Iacobo Saliano Societatis Iesu presbytero fideliter accurateque confecta. In qua, sicut et in ipsis annalibus, res sacrae, prophanaeque ... et explicantur$9(OLS)http://semarc/title/342368 996 $6260$aLutetiae Parisiorum :$bApud Georgium Iosse, via Iacobaea, sub signu Coranae Spinae$9(OLS)http://semarc/publisher/54494 LEADER 00818nam a2200193 i 4500 001 000000242045 003 CaOOAMICUS 005 20150526000000.0 008 150526s1776 it u000 u fre u 013 $a220950 026 $an-te nen- n-e, sute (3) 1776 (R) 040 $aSeMil$bita 245 10$aPanégyriques. 300 $a[8], 479, [1] p. 500 $aSegn. : pg4 A-V12. 773 0 $aMassillon, Jean-Baptist $tSermons de M. Massillon, évêque de Clermont, ci-devant Prétre de l'Oratoire, ..$dA Paris : Chez les Frères Estienne, ruë Saint Jacques, à la Vertu ; Delalain, rue de la Comédie Françoise, 1760.$g9$w()31930 850 $aSeMil 852 $aSeMil$W1$xVenegono$y1$m3F I 451 FA$j192391$B192391$CSeMilBibl$Z2$F203232 $8I 996 $6245$aPanégyriques$9(OLS)http://semarc/title/43936